00788 2200205 4500245008200000020002200082250001100104100001800115700001100133700001000144650001000154650001000164005001900174260002700193041001400220084000800234300002500242500030600267336000900573 aTeks Expert Panduan Terbaik dan Terlengkap TOEFL & TOEICcAchmad FananihText a978-623-5479-55-2 aCet. 1 aAchmad Fanani aAyi AH aMeita aTOEIC aTOEFL a20240124090553 aDepokbPixelindoc2023 aIndonesia a425 a316 hlm. :c22,5 cm. aBuku ini memberikan panduan untuk mempekuat kemampuan berkomunikasi dalam bahasa Inggris. Selain itu, buku ini juga menyajikan trik dan strategi yang efektif dalam mengerjakan TOEFL dan TOEIC dengan maksimal. Buku ini juga dilengkapi dengan daftar kosakata-kosata penting berserta daftar phrasal verb. atext